Costa Rica: Resisting Austerity /
En este artículo se analiza la coyuntura económica de Costa Rica entre 1981 y 1984. En él se enfatizan los aspectos relacionados con la creciente deuda externa y el papel interventor del FMI en Costa Rica. Algunos de los aspectos que el trabajo discute son: las estrictas medidas de austeridad y la c...
Guardado en:
| Autor principal: | |
|---|---|
| Otros Autores: | |
| Formato: | Texto |
| Materias: | |
| Etiquetas: |
Agregar Etiqueta
Sin Etiquetas, Sea el primero en etiquetar este registro!
|
MARC
| LEADER | 00000 a a2200000 04500 | ||
|---|---|---|---|
| 001 | 9853 | ||
| 003 | |||
| 040 | |||
| 100 | |a Edelman, Marc | ||
| 245 | |a Costa Rica: |b Resisting Austerity / |c Marc Edelman ; Jayne Hutchcroft | ||
| 520 | |a En este artículo se analiza la coyuntura económica de Costa Rica entre 1981 y 1984. En él se enfatizan los aspectos relacionados con la creciente deuda externa y el papel interventor del FMI en Costa Rica. Algunos de los aspectos que el trabajo discute son: las estrictas medidas de austeridad y la crisis económica del país |a el saneamiento de los males internos (de acuerdo a los criterios del FMI) y la crisis económica del pais |a y, el papel de algunos sindicatos y federaciones Laborales. ABB/mb | ||
| 650 | |a DEUDA EXTERNA | ||
| 650 | |a FMI | ||
| 650 | |a BANCO MUNDIAL | ||
| 650 | |a ANALISIS ECONOMICO | ||
| 650 | |a EVALUACION ECONOMICA | ||
| 650 | |a INDICADORES ECONOMICOS | ||
| 650 | |a CONDICIONES ECONOMICAS | ||
| 650 | |a ASPECTOS ECONOMICOS | ||
| 650 | |a MOVIMIENTOS OBREROS | ||
| 650 | |a SINDICATOS | ||
| 700 | |a Hutchcroft, Jayne | ||
| 773 | |g volumen 18, número 1; páginas 37-42 | ||
| 999 | |c 31804 |d 31804 | ||
